TV show by character Quiz Stats

Quiz not verified by Sporcle

Challenge
Share
Tweet
Embed
Score 0/16 Timer 04:00
0 Plays Today
Character Show % Correct
Phoebe BuffayFriends
89.8%
Carrie BradshawSex and the City
82.1%
Glen Quagmire*Family Guy
80.1%
Stephanie TannerFull House
80.1%
Dwight SchruteThe Office
78.5%
Zack MorrisSaved By the Bell
67.9%
Liz Lemon30 Rock
63.4%
Sheldon CooperBig Bang Theory
57.7%
Character Show % Correct
Christina YangGrey's Anatomy
48.4%
Blair WaldorffGossip Girl
47.6%
37.8%
Leah GosslinJon and Kate Plus 8
29.3%
Buster Baxter*Arthur
28.9%
Cody MartinThe Suite Life of Zack and Cody
23.6%
Vince LaSalle*Recess
13.4%
Chase MatthewsZoey 101
6.1%

You're not logged in!

Compare scores with friends on all Sporcle quizzes.
Join for Free
OR
Log In

You Might Also Like...

Show Comments

Extras

Created Jun 5, 2010ReportNominate
Tags:Show Quiz, character

Top Quizzes Today


Score Distribution

Your Account Isn't Verified!

In order to create a playlist on Sporcle, you need to verify the email address you used during registration. Go to your Sporcle Settings to finish the process.

Report this User

Report this user for behavior that violates our Community Guidelines.

Details: